=LDR 00000nam 2200000 4500 =001 INLIS000000000023503 =005 20250522013344 =035 ##$$a 0010-061300000023503 =008 250522###########################0###### =041 ##$$a Ind =082 ##$$a 398.3 =090 ##$$a 398.3, Rah d =100 ##$$a Rahimsyah, MB =245 1#$$a Dongeng pengantar tidur, Putri dambaan hati, /$c MB. Rahimsyah =260 ##$:$b Surabaya,$c 2004 =300 ##$$a 80 hlm, : $b ilus ; $c 20 x 14 cm =650 #4$$a Dongeng =850 ##$$a NBPNMAT =084 ##$$a 398.3 RAH d =990 ##$$a 16441644 =990 ##$$a 20700190